000 01473nam a2200337 a 4500
001 ebr10015737
003 CaPaEBR
006 m u
007 cr cn|||||||||
008 991013s2000 utu sb s001 0 eng
010 _z 99053553
020 _z0874806232 (cloth : alk. paper)
020 _z0874806240 (pbk. : alk. paper)
040 _aCaPaEBR
_cCaPaEBR
035 _a(OCoLC)70768190
050 1 4 _aE99.N3
_bL645 2000eb
082 0 4 _a979/.004972
_221
100 1 _aLinford, Laurance D.
245 1 0 _aNavajo places
_h[electronic resource] :
_bhistory, legend, landscape : a narrative of important places on and near the Navajo Reservation, with notes on their significance to Navajo culture and history /
_cLaurance D. Linford.
260 _aSalt Lake City :
_bUniversity of Utah Press,
_cc2000.
300 _axviii, 353 p.
504 _aIncludes bibliographical references (p. 305-316) and index.
533 _aElectronic reproduction.
_bPalo Alto, Calif. :
_cebrary,
_d2013.
_nAvailable via World Wide Web.
_nAccess may be limited to ebrary affiliated libraries.
650 0 _aNames, Navajo
_vGuidebooks.
650 0 _aNames, Geographical
_zSouthwest, New
_vGuidebooks.
650 0 _aNavajo mythology.
650 0 _aNavajo Indians
_xHistory.
655 7 _aElectronic books.
_2local
710 2 _aebrary, Inc.
856 4 0 _uhttp://site.ebrary.com/lib/rucke/Doc?id=10015737
_zAn electronic book accessible through the World Wide Web; click to view
999 _c28117
_d28117